Influence of joint geometric parameters on operation of cageless roller bearings; Bulletin of the Tomsk Polytechnic University; Vol. 310, № 3

Dettagli Bibliografici
Parent link:Bulletin of the Tomsk Polytechnic University/ Tomsk Polytechnic University (TPU).— , 2006-2007
Vol. 310, № 3.— 2007.— [P. 33-37]
Autore principale: Zhuravlev А. N.
Riassunto:Заглавие с титульного листа
Электронная версия печатной публикации
Predominant influence of roller chamfer angle on operation of cageless roller bearings has been considered. Structural assembly of support elements of such types is proposed.
Lingua:inglese
Pubblicazione: 2007
Serie:Mathematics and mechanics. Physics
Soggetti:
Accesso online:http://www.lib.tpu.ru/fulltext/v/Bulletin_TPU/2007/v310eng/i3/08.pdf
Natura: MixedMaterials Elettronico Capitolo di libro
KOHA link:https://koha.lib.tpu.ru/cgi-bin/koha/opac-detail.pl?biblionumber=182078

MARC

LEADER 00000nla2a2200000 4500
001 182078
005 20231031171214.0
035 |a (RuTPU)RU\TPU\book\197361 
035 |a RU\TPU\book\197359 
090 |a 182078 
100 |a 20100616d2007 k y0rusy50 ca 
101 1 |a eng  |c rus 
102 |a RU 
135 |a drnn ---uucaa 
200 1 |a Influence of joint geometric parameters on operation of cageless roller bearings  |b Electronic resource  |f А. N. Zhuravlev 
203 |a Text  |c electronic 
215 |a 1 файл (1.2 Мб) 
225 1 |a Mathematics and mechanics. Physics 
230 |a Электронные текстовые данные (1 файл : 1.2 Мб) 
300 |a Заглавие с титульного листа 
300 |a Электронная версия печатной публикации 
320 |a [Bibliography: p. 37 (4 titles)] 
330 |a Predominant influence of roller chamfer angle on operation of cageless roller bearings has been considered. Structural assembly of support elements of such types is proposed. 
337 |a Adobe Reader 
461 1 |0 (RuTPU)RU\TPU\book\169973  |t Bulletin of the Tomsk Polytechnic University  |f Tomsk Polytechnic University (TPU)  |d 2006-2007 
463 1 |0 (RuTPU)RU\TPU\book\197326  |t Vol. 310, № 3  |v [P. 33-37]  |d 2007  |p 101 p. 
610 1 |a geometric parameters 
610 1 |a joints 
610 1 |a operation 
610 1 |a roller bearings 
610 1 |a chamfer 
610 1 |a angles 
610 1 |a rollers 
610 1 |a elements 
610 1 |a электронный ресурс 
675 |a 621.757 (031)  |v 3 
700 1 |a Zhuravlev  |b А. N. 
801 1 |a RU  |b 63413507  |c 20090623  |g PSBO 
801 2 |a RU  |b 63413507  |c 20110331  |g PSBO 
856 4 |u http://www.lib.tpu.ru/fulltext/v/Bulletin_TPU/2007/v310eng/i3/08.pdf 
942 |c CF